00365nam a22001337a 450000500170000000800410001704100130005808200130007110000130008424500400009726000370013730000320017465000250020620240829093136.0240829b |||||||| |||| 00| 0 eng d aEnglish  a349 LAW  lEnglish  aThe Laws of South West Africa 1930  aWindhoek: bBy Authority, c1930 bxxxix, 497 pages; c25 cm.  aLegal practice bLaw